<?xml version="1.0" encoding="UTF-8"?>
<record
    xmlns:xsi="http://www.w3.org/2001/XMLSchema-instance"
    xsi:schemaLocation="http://www.loc.gov/MARC21/slim http://www.loc.gov/standards/marcxml/schema/MARC21slim.xsd"
    xmlns="http://www.loc.gov/MARC21/slim">

  <leader>00543nam a22001937a 4500</leader>
  <datafield tag="999" ind1=" " ind2=" ">
    <subfield code="c">88282</subfield>
    <subfield code="d">88282</subfield>
  </datafield>
  <controlfield tag="005">20231227103157.0</controlfield>
  <controlfield tag="008">161018b        xxu||||| |||| 00| 0 eng d</controlfield>
  <datafield tag="020" ind1=" " ind2=" ">
    <subfield code="a">9788131239025</subfield>
  </datafield>
  <datafield tag="020" ind1=" " ind2=" ">
    <subfield code="a">9789814920070</subfield>
  </datafield>
  <datafield tag="040" ind1=" " ind2=" ">
    <subfield code="c">PK-LaUMT</subfield>
  </datafield>
  <datafield tag="082" ind1=" " ind2=" ">
    <subfield code="a">616.07</subfield>
    <subfield code="b">KUM-R</subfield>
  </datafield>
  <datafield tag="100" ind1=" " ind2=" ">
    <subfield code="a">Kumar, Vinay</subfield>
  </datafield>
  <datafield tag="245" ind1=" " ind2=" ">
    <subfield code="a">Robbins and Cotran pathologic basis of disease /</subfield>
    <subfield code="c">by Vinay Kumar, Abul K. Abbas and Jon C. Aster</subfield>
  </datafield>
  <datafield tag="250" ind1=" " ind2=" ">
    <subfield code="a">10th ed.,</subfield>
  </datafield>
  <datafield tag="260" ind1=" " ind2=" ">
    <subfield code="a">Singapore :</subfield>
    <subfield code="b">Elsevier,</subfield>
    <subfield code="c">2015</subfield>
  </datafield>
  <datafield tag="300" ind1=" " ind2=" ">
    <subfield code="a">1391 p. [2 vols]</subfield>
  </datafield>
  <datafield tag="650" ind1=" " ind2=" ">
    <subfield code="a">Pathology</subfield>
  </datafield>
  <datafield tag="942" ind1=" " ind2=" ">
    <subfield code="c">BK</subfield>
  </datafield>
  <datafield tag="952" ind1=" " ind2=" ">
    <subfield code="0">0</subfield>
    <subfield code="1">0</subfield>
    <subfield code="4">0</subfield>
    <subfield code="7">0</subfield>
    <subfield code="a">HSC</subfield>
    <subfield code="b">HSC</subfield>
    <subfield code="d">2016-10-18</subfield>
    <subfield code="l">20</subfield>
    <subfield code="o">616.07 KUM-R</subfield>
    <subfield code="p">102321</subfield>
    <subfield code="r">2024-04-29 00:00:00</subfield>
    <subfield code="s">2024-03-12</subfield>
    <subfield code="t">Vol.1</subfield>
    <subfield code="w">2016-10-18</subfield>
    <subfield code="y">BK</subfield>
  </datafield>
  <datafield tag="952" ind1=" " ind2=" ">
    <subfield code="0">0</subfield>
    <subfield code="1">0</subfield>
    <subfield code="4">0</subfield>
    <subfield code="7">0</subfield>
    <subfield code="a">HSC</subfield>
    <subfield code="b">HSC</subfield>
    <subfield code="d">2016-10-18</subfield>
    <subfield code="l">5</subfield>
    <subfield code="o">616.07 KUM-R</subfield>
    <subfield code="p">102322</subfield>
    <subfield code="r">2025-10-10 14:35:13</subfield>
    <subfield code="s">2023-11-08</subfield>
    <subfield code="t">Vol.2</subfield>
    <subfield code="w">2016-10-18</subfield>
    <subfield code="y">BK</subfield>
  </datafield>
  <datafield tag="952" ind1=" " ind2=" ">
    <subfield code="0">0</subfield>
    <subfield code="1">0</subfield>
    <subfield code="4">0</subfield>
    <subfield code="7">0</subfield>
    <subfield code="a">HSC</subfield>
    <subfield code="b">HSC</subfield>
    <subfield code="d">2017-03-02</subfield>
    <subfield code="l">13</subfield>
    <subfield code="m">1</subfield>
    <subfield code="o">616.07 KUM-R</subfield>
    <subfield code="p">105992</subfield>
    <subfield code="r">2024-12-04 15:43:06</subfield>
    <subfield code="s">2023-12-29</subfield>
    <subfield code="t">V.1,C.2</subfield>
    <subfield code="w">2017-03-02</subfield>
    <subfield code="y">BK</subfield>
  </datafield>
  <datafield tag="952" ind1=" " ind2=" ">
    <subfield code="0">0</subfield>
    <subfield code="1">0</subfield>
    <subfield code="4">0</subfield>
    <subfield code="7">0</subfield>
    <subfield code="a">HSC</subfield>
    <subfield code="b">HSC</subfield>
    <subfield code="d">2017-03-02</subfield>
    <subfield code="l">1</subfield>
    <subfield code="o">616.07 KUM-R</subfield>
    <subfield code="p">105993</subfield>
    <subfield code="r">2024-01-02 00:00:00</subfield>
    <subfield code="s">2023-12-18</subfield>
    <subfield code="t">V.2,C.2</subfield>
    <subfield code="w">2017-03-02</subfield>
    <subfield code="y">BK</subfield>
  </datafield>
  <datafield tag="952" ind1=" " ind2=" ">
    <subfield code="0">0</subfield>
    <subfield code="1">0</subfield>
    <subfield code="4">0</subfield>
    <subfield code="7">0</subfield>
    <subfield code="a">HSC</subfield>
    <subfield code="b">HSC</subfield>
    <subfield code="d">2017-03-02</subfield>
    <subfield code="l">15</subfield>
    <subfield code="o">616.07 KUM-R</subfield>
    <subfield code="p">105994</subfield>
    <subfield code="r">2025-02-14 08:39:14</subfield>
    <subfield code="s">2025-01-31</subfield>
    <subfield code="t">V.1,C.3</subfield>
    <subfield code="w">2017-03-02</subfield>
    <subfield code="y">BK</subfield>
  </datafield>
  <datafield tag="952" ind1=" " ind2=" ">
    <subfield code="0">0</subfield>
    <subfield code="1">0</subfield>
    <subfield code="4">0</subfield>
    <subfield code="7">0</subfield>
    <subfield code="a">HSC</subfield>
    <subfield code="b">HSC</subfield>
    <subfield code="d">2017-03-02</subfield>
    <subfield code="l">4</subfield>
    <subfield code="o">616.07 KUM-R</subfield>
    <subfield code="p">105995</subfield>
    <subfield code="r">2025-02-14 08:39:07</subfield>
    <subfield code="s">2025-01-31</subfield>
    <subfield code="t">V.2,C.3</subfield>
    <subfield code="w">2017-03-02</subfield>
    <subfield code="y">BK</subfield>
  </datafield>
  <datafield tag="952" ind1=" " ind2=" ">
    <subfield code="0">0</subfield>
    <subfield code="1">0</subfield>
    <subfield code="4">0</subfield>
    <subfield code="7">0</subfield>
    <subfield code="a">HSC</subfield>
    <subfield code="b">HSC</subfield>
    <subfield code="d">2023-12-27</subfield>
    <subfield code="l">4</subfield>
    <subfield code="o">616.07 KUM-R</subfield>
    <subfield code="p">146231</subfield>
    <subfield code="r">2025-01-01 10:14:37</subfield>
    <subfield code="s">2024-12-05</subfield>
    <subfield code="t">C.9</subfield>
    <subfield code="w">2023-12-27</subfield>
    <subfield code="y">BK</subfield>
  </datafield>
  <datafield tag="952" ind1=" " ind2=" ">
    <subfield code="0">0</subfield>
    <subfield code="1">0</subfield>
    <subfield code="4">0</subfield>
    <subfield code="7">0</subfield>
    <subfield code="a">HSC</subfield>
    <subfield code="b">HSC</subfield>
    <subfield code="d">2023-12-27</subfield>
    <subfield code="l">6</subfield>
    <subfield code="o">616.07 KUM-R</subfield>
    <subfield code="p">146232</subfield>
    <subfield code="r">2025-02-10 09:02:52</subfield>
    <subfield code="s">2025-02-07</subfield>
    <subfield code="t">C.10</subfield>
    <subfield code="w">2023-12-27</subfield>
    <subfield code="y">BK</subfield>
  </datafield>
  <datafield tag="952" ind1=" " ind2=" ">
    <subfield code="0">0</subfield>
    <subfield code="1">0</subfield>
    <subfield code="4">0</subfield>
    <subfield code="7">0</subfield>
    <subfield code="a">HSC</subfield>
    <subfield code="b">HSC</subfield>
    <subfield code="d">2023-12-27</subfield>
    <subfield code="l">7</subfield>
    <subfield code="o">616.07 KUM-R</subfield>
    <subfield code="p">146233</subfield>
    <subfield code="r">2025-03-07 10:18:46</subfield>
    <subfield code="s">2025-02-19</subfield>
    <subfield code="t">C.11</subfield>
    <subfield code="w">2023-12-27</subfield>
    <subfield code="y">BK</subfield>
  </datafield>
  <datafield tag="952" ind1=" " ind2=" ">
    <subfield code="0">0</subfield>
    <subfield code="1">0</subfield>
    <subfield code="4">0</subfield>
    <subfield code="7">0</subfield>
    <subfield code="a">HSC</subfield>
    <subfield code="b">HSC</subfield>
    <subfield code="d">2023-12-27</subfield>
    <subfield code="l">9</subfield>
    <subfield code="o">616.07 KUM-R</subfield>
    <subfield code="p">146234</subfield>
    <subfield code="r">2025-04-28 11:03:07</subfield>
    <subfield code="s">2025-04-05</subfield>
    <subfield code="t">C.12</subfield>
    <subfield code="w">2023-12-27</subfield>
    <subfield code="y">BK</subfield>
  </datafield>
  <datafield tag="952" ind1=" " ind2=" ">
    <subfield code="0">0</subfield>
    <subfield code="1">0</subfield>
    <subfield code="4">0</subfield>
    <subfield code="7">0</subfield>
    <subfield code="a">HSC</subfield>
    <subfield code="b">HSC</subfield>
    <subfield code="d">2023-12-27</subfield>
    <subfield code="l">5</subfield>
    <subfield code="o">616.07 KUM-R</subfield>
    <subfield code="p">146235</subfield>
    <subfield code="r">2025-03-05 12:35:37</subfield>
    <subfield code="s">2025-02-04</subfield>
    <subfield code="t">C.13</subfield>
    <subfield code="w">2023-12-27</subfield>
    <subfield code="y">BK</subfield>
  </datafield>
  <datafield tag="952" ind1=" " ind2=" ">
    <subfield code="0">0</subfield>
    <subfield code="1">0</subfield>
    <subfield code="4">0</subfield>
    <subfield code="7">0</subfield>
    <subfield code="a">HSC</subfield>
    <subfield code="b">HSC</subfield>
    <subfield code="d">2023-12-27</subfield>
    <subfield code="l">8</subfield>
    <subfield code="o">616.07 KUM-R</subfield>
    <subfield code="p">146226</subfield>
    <subfield code="r">2025-01-20 12:54:29</subfield>
    <subfield code="s">2025-01-07</subfield>
    <subfield code="t">C.4</subfield>
    <subfield code="w">2023-12-27</subfield>
    <subfield code="y">BK</subfield>
  </datafield>
  <datafield tag="952" ind1=" " ind2=" ">
    <subfield code="0">0</subfield>
    <subfield code="1">0</subfield>
    <subfield code="4">0</subfield>
    <subfield code="7">0</subfield>
    <subfield code="a">HSC</subfield>
    <subfield code="b">HSC</subfield>
    <subfield code="d">2023-12-27</subfield>
    <subfield code="l">4</subfield>
    <subfield code="o">616.07 KUM-R</subfield>
    <subfield code="p">146227</subfield>
    <subfield code="r">2025-01-27 13:07:27</subfield>
    <subfield code="s">2024-12-05</subfield>
    <subfield code="t">C.5</subfield>
    <subfield code="w">2023-12-27</subfield>
    <subfield code="y">BK</subfield>
  </datafield>
  <datafield tag="952" ind1=" " ind2=" ">
    <subfield code="0">0</subfield>
    <subfield code="1">0</subfield>
    <subfield code="4">0</subfield>
    <subfield code="7">0</subfield>
    <subfield code="a">HSC</subfield>
    <subfield code="b">HSC</subfield>
    <subfield code="d">2023-12-27</subfield>
    <subfield code="l">4</subfield>
    <subfield code="o">616.07 KUM-R</subfield>
    <subfield code="p">146228</subfield>
    <subfield code="r">2024-12-27 08:29:32</subfield>
    <subfield code="s">2024-12-12</subfield>
    <subfield code="t">C.6</subfield>
    <subfield code="w">2023-12-27</subfield>
    <subfield code="y">BK</subfield>
  </datafield>
  <datafield tag="952" ind1=" " ind2=" ">
    <subfield code="0">0</subfield>
    <subfield code="1">0</subfield>
    <subfield code="4">0</subfield>
    <subfield code="7">0</subfield>
    <subfield code="a">HSC</subfield>
    <subfield code="b">HSC</subfield>
    <subfield code="d">2023-12-27</subfield>
    <subfield code="l">3</subfield>
    <subfield code="o">616.07 KUM-R</subfield>
    <subfield code="p">146229</subfield>
    <subfield code="r">2025-02-13 09:33:09</subfield>
    <subfield code="s">2025-01-14</subfield>
    <subfield code="t">C.7</subfield>
    <subfield code="w">2023-12-27</subfield>
    <subfield code="y">BK</subfield>
  </datafield>
  <datafield tag="952" ind1=" " ind2=" ">
    <subfield code="0">0</subfield>
    <subfield code="1">0</subfield>
    <subfield code="4">0</subfield>
    <subfield code="7">0</subfield>
    <subfield code="a">HSC</subfield>
    <subfield code="b">HSC</subfield>
    <subfield code="d">2023-12-27</subfield>
    <subfield code="l">8</subfield>
    <subfield code="o">616.07 KUM-R</subfield>
    <subfield code="p">146230</subfield>
    <subfield code="r">2025-05-27 08:25:55</subfield>
    <subfield code="s">2025-05-07</subfield>
    <subfield code="t">C.8</subfield>
    <subfield code="w">2023-12-27</subfield>
    <subfield code="y">BK</subfield>
  </datafield>
</record>
